Las Ensaladas [Música impresa] : Praga, 1581 / Mateo Flecha ; transcripción y estudio por Higinio Anglès Praga, 1581 / Mateo Flecha ; transcripción y estudio por Higinio Anglès
Descripción Física:
98 p. : amb pauta musical ; 28 cm
Otros Autores:
Anglès, Higini, 1888-1969
MARC
| LEADER | 00000nam a2200000Ia 4500 | ||
|---|---|---|---|
| 001 | 9242 | ||
| 008 | 160829s1954 xx 000 0 cat d | ||
| 080 | |a B-1-281 | ||
| 100 | |a Fletxa, Mateu |9 36316 | ||
| 245 | |a Las Ensaladas [Música impresa] : |b Praga, 1581 / Mateo Flecha ; transcripción y estudio por Higinio Anglès | ||
| 260 | |a Barcelona : |b Diputación Provincial de Barcelona : |b Biblioteca Central, |c 1954 | ||
| 300 | |a 98 p. : |b amb pauta musical ; |c 28 cm | ||
| 490 | |a Publicaciones de la Sección de Música / Biblioteca Central ; 16 | ||
| 600 | 0 | |a Fletxa, Mateu |9 36316 | |
| 650 | |a Ensaladas (Música) |9 36317 | ||
| 650 | |a Música vocal |x Espanya |x S. XVI |9 36319 | ||
| 700 | |a Anglès, Higini, |d 1888-1969 |9 26341 | ||
| 710 | 2 | |a Biblioteca Central (Barcelona, Catalunya) |9 54533 | |
| 901 | |a Arxiu | ||
| 942 | |n 1 | ||
| 952 | |0 0 |1 0 |4 0 |6 B1281 |7 1 |9 47285 |a Arxiu |b Arxiu |d 2016-12-01 |l 0 |o B-1-281 |p 9242 |r 2016-12-01 00:00:00 |w 2016-12-01 |y ARXIU | ||
| 999 | |c 51082 |d 51082 | ||